| 000 | 00611nam a2200205Ia 4500 | ||
|---|---|---|---|
| 008 | 191130s2001##################000#0#eng## | ||
| 020 | _a9780192853776 | ||
| 022 | _a2001269164 | ||
| 040 |
_aACL _cACL |
||
| 082 | _a170 BLA | ||
| 100 | _aBlackburn, Simon | ||
| 245 |
_aBeing good : an introduction to ethics _cSimon Blackburn |
||
| 260 |
_aOxford _bOxford University Press _cc2001 |
||
| 300 | _ax, 162 p. : ill. ; 18 cm. | ||
| 500 | _aIncludes bibliographical references (p. 155-159) and index | ||
| 650 | _aEthics | ||
| 990 | _a449b647aac10000c0317091d73e5b837 | ||
| 991 | _a290426 | ||
| 999 |
_c113726 _d113726 |
||